000 00284nam a2200121Ia 4500
005 20251028132505.0
008 251020t2018||||xx |||||||||||||| ||spa||
041 _aspa
100 _aYrarrázabal C., Arturo
245 0 _aManual de derecho económico
260 _c2018
942 _CLB
_cLB
999 _c3061
_d3061